[Event "Germany Countries-chT Youth 2022"]
[Site "Wiesbaden"]
[Date "2022.10.04"]
[Round "7"]
[White "Basovskiy, Jana"]
[Black "Neuhoff, Laertes"]
[Result "0-1"]
[WhiteElo "1858"]
[BlackElo "1885"]
[Annotator "NA RC COMBH"]
[PlyCount "44"]
[EventDate "2022.09.28"]
[EventType "team-tourn"]
[EventRounds "7"]
[EventCountry "GER"]
[SourceTitle "playchess.com"]
[Source "ChessBase"]
[SourceQuality "1"]
[TimeControl "40/5400+30:1800+30"]

{[%evp 15,44,-4,-10,-11,-7,-14,0,-21,-27,-9,32767,32767,-3,-20,-6,-29,-29,-51,-19,-72,-61,32767,-371,-356,-334,-569,-622,-740,-864,32767,-1239]} 1. e4 {[%emt 0:00:02]} c5 {[%emt 0:00:06]} 2. Nf3 {[%emt 0:00:03]} Nc6 {[%emt 0:00:08]} 3. Bb5 {[%emt 0:00:04]} g6 {[%emt 0:00:17]} 4. Bxc6 {[%emt 0:00:11]} bxc6 {[%emt 0:05:48]} 5. O-O {[%emt 0:01:09]} Bg7 {[%emt 0:00:20]} 6. Re1 {[%emt 0:01:47]} e5 {[%emt 0:01:31] 6...Qc7 is a critical line.} 7. c3 {[%emt 0:04:24]} Ne7 {[%emt 0:10:17]} 8. Na3 {[%emt 0:19:09]} (8. d4 $14) 8... O-O {[%emt 0:10:26]} 9. Nc4 {[%emt 0:07:32]} Qc7 {[%emt 0:08:07]} 10. d4 {[%emt 0:17:11]} exd4 {[%emt 0:04:19]} (10... cxd4 $1 $15 11. cxd4 exd4) 11. cxd4 {[%emt 0:00:12] [#]} Ba6 $146 {[%emt 0:03:20]} ({Predecessor:} 11... d5 12. exd5 cxd5 13. Nce5 c4 14. Bf4 Qd8 15. Qe2 Nf5 16. h3 Qb6 {0-1 (43) Yaakkimainen,V (2155)-Senyukov,A (2113) Petrozavodsk 2013}) 12. Ne3 {[%emt 0:06:50]} cxd4 {[%emt 0:01:09]} 13. Nxd4 {[%emt 0:00:19]} Rad8 {[%emt 0:03:11]} 14. Nf3 {[%emt 0:07:15]} d5 {[%emt 0:09:39]} 15. exd5 {[%emt 0:04:22]} (15. e5 $5) 15... cxd5 {[%emt 0:04:41]} 16. Qa4 {[%emt 0:01:19]} Qc6 {[%emt 0:01:41]} (16... Bb7 $5 {[%cal Rd5d4]}) 17. Qh4 {[%emt 0:00:51]} (17. Qa3 $15 {is more appropriate.} Qb7 18. Ng4) 17... Rfe8 {[%emt 0:05:04]} 18. Ng4 {[%emt 0:05:41]} Nf5 {[%emt 0:02:01]} 19. Rxe8+ {[%emt 0:05:48]} Rxe8 {[%emt 0:01:48]} 20. Qg5 {[%emt 0:01:54]} h5 {[%emt 0:04:32]} 21. Ne3 {[%emt 0:11:02]} Bh6 {[%emt 0:00:13]} 22. Nd4 {[%emt 0:00:26]} Qb6 $19 {[%emt 0:05:59]} 0-1

[Event "Germany Countries-chT Youth 2022"]
[Site "Wiesbaden"]
[Date "2022.10.04"]
[Round "7"]
[White "Hecht, Jonas Christian"]
[Black "Hinrichs, Paul"]
[Result "1/2-1/2"]
[WhiteElo "1852"]
[BlackElo "2172"]
[Annotator "TA"]
[PlyCount "73"]
[EventDate "2022.09.28"]
[EventType "team-tourn"]
[EventRounds "7"]
[EventCountry "GER"]
[SourceTitle "playchess.com"]
[Source "ChessBase"]
[SourceQuality "1"]
[TimeControl "40/5400+30:1800+30"]

{[%evp 18,73,10,14,8,8,12,8,7,0,0,6,0,0,17,17,16,0,0,-4,0,-7,0,-12,0,0,33,23,27,29,101,94,101,98,105,104,182,184,214,210,206,207,220,173,181,96,93,72,59,45,55,54,66,52,55,49,60,0]} 1. e4 {[%emt 0:00:02]} e5 {[%emt 0:00:08]} 2. Nf3 {[%emt 0:00:03]} Nc6 {[%emt 0:00:10]} 3. d4 {[%emt 0:00:03]} exd4 {[%emt 0:00:43]} 4. Nxd4 {[%emt 0:00:05]} Nf6 {[%emt 0:00:39]} 5. Nxc6 {[%emt 0:00:05]} bxc6 {[%emt 0:00:06]} 6. e5 {[%emt 0:00:03]} Qe7 {[%emt 0:00:29]} 7. Qe2 {[%emt 0:00:05]} Nd5 {[%emt 0:00:08]} 8. c4 {[%emt 0:00:03]} Nb6 {[%emt 0:00:30]} 9. Nc3 {[%emt 0:00:04]} Qe6 {[%emt 0:00:08]} 10. Qe4 {[%emt 0:00:04]} d5 {[%emt 0:01:44] C45: Scotch Game.} 11. exd6 {[%emt 0:00:19]} Qxe4+ {[%emt 0:00:05]} 12. Nxe4 {[%emt 0:00:04]} cxd6 {[%emt 0:00:02] The position is equal.} 13. Bf4 {[%emt 0:02:03]} d5 {[%emt 0:08:12]} 14. cxd5 {[%emt 0:08:39]} Nxd5 {[%emt 0:01:33]} 15. Bd2 {[%emt 0:27:11]} Rb8 {[%emt 0:05:52]} 16. O-O-O {[%emt 0:04:24]} Be7 {[%emt 0:00:51] [#]} 17. Nc3 $146 {[%emt 0:03:05]} (17. Bc4 {looks sharper.} Bf5 18. Rhe1 O-O 19. f3) ({Predecessor:} 17. Bc4 Bf5 18. Rhe1 O-O 19. h3 Bg6 20. g4 f5 21. Ng3 Bf6 22. b3 fxg4 23. hxg4 {½-½ (29) Ivanov,V (2267)-Karpenko,A (2311) ICCF email 2018}) 17... Bf6 {[%emt 0:02:05]} 18. Bc4 {[%emt 0:08:22]} O-O {[%emt 0:00:33]} 19. Bb3 {[%emt 0:02:37]} Bf5 {[%emt 0:03:31]} 20. f3 {[%emt 0:03:01]} g6 {[%emt 0:25:55]} 21. g4 {[%emt 0:11:38]} Bc8 {[%emt 0:00:40]} 22. Nxd5 {[%emt 0:02:47]} cxd5 {[%emt 0:00:23]} 23. Bc3 {[%emt 0:02:25]} d4 {[%emt 0:06:55]} (23... Bxc3 $11 {keeps the balance.} 24. bxc3 Bb7) 24. Bxd4 $16 {[%emt 0:00:55]} Bg5+ {[%emt 0:00:11]} 25. Kb1 {[%emt 0:00:38]} Bb7 {[%emt 0:00:07]} 26. Rhf1 {[%emt 0:02:49] White is more active.} Bf4 {[%emt 0:03:09]} (26... Ra8 $16) 27. Bc5 {[%emt 0:05:49]} Rfd8 {[%emt 0:00:36]} 28. Bxa7 {[%emt 0:01:26]} Rxd1+ {[%emt 0:02:40]} 29. Rxd1 {[%emt 0:00:42]} Rc8 {[%emt 0:00:11]} 30. a3 {[%emt 0:00:37][%cal Ob3f7]} Bxf3 {[%emt 0:01:26]} 31. Rd7 {[%emt 0:00:57]} (31. Rf1 $18 Be4+ 32. Ka2) 31... Rc7 {[%emt 0:00:36]} 32. Bxf7+ {[%emt 0:02:26]} Kf8 {[%emt 0:00:35]} 33. Be6 {[%emt 0:01:11] White is slightly better.} Rxd7 {[%emt 0:00:59]} 34. Bxd7 {[%emt 0:00:13] [#] aiming for Bc5+.} Ke7 {[%emt 0:00:04]} 35. Bc8 {[%emt 0:01:37]} Kd8 {[%emt 0:00:14]} 36. Be6 {[%emt 0:00:25] Strongly threatening h3.} Ke7 {[%emt 0:00:04]} 37. Bc8 {[%emt 0:01:25] Weighted Error Value: White=0.10 (very precise) /Black=0.12 (very precise)} (37. Bg8 $14) 1/2-1/2

[Event "Germany Countries-chT Youth 2022"]
[Site "Wiesbaden"]
[Date "2022.10.04"]
[Round "7"]
[White "Haug, Mara"]
[Black "Czaeczine, Paula"]
[Result "0-1"]
[WhiteElo "1611"]
[BlackElo "1322"]
[Annotator "NA RC COMBH"]
[PlyCount "76"]
[EventDate "2022.09.28"]
[EventType "team-tourn"]
[EventRounds "7"]
[EventCountry "GER"]
[SourceTitle "playchess.com"]
[Source "ChessBase"]
[SourceQuality "1"]

1. e4 e5 2. Nc3 Nf6 3. g3 d5 4. exd5 Nxd5 5. Bg2 Nf6 6. Nf3 Nc6 7. O-O Bd6 8. Re1 O-O 9. d3 Bg4 10. h3 Bh5 11. g4 Bg6 12. Bg5 h5 13. Nh4 hxg4 14. Nxg6 fxg6 15. hxg4 Qd7 16. Bxf6 gxf6 17. Bd5+ Kg7 18. Kg2 Rh8 19. f3 f5 20. Rg1 fxg4 21. fxg4 Rh4 22. Bf3 Nd4 23. Rf1 Nxf3 24. Rxf3 Rah8 25. Ne2 Qxg4+ 26. Rg3 Rh2+ 27. Kf1 Rh1+ 28. Rg1 Rf8+ 29. Ke1 Rxg1+ 30. Nxg1 Qxg1+ 31. Kd2 Qxd1+ 32. Rxd1 Rf2+ 33. Kc3 g5 34. Rg1 Kf6 35. Rg3 Kf5 36. Rg1 g4 37. Rg3 Kf4 38. Rg1 g3 0-1

[Event "Germany Countries-chT Youth 2022"]
[Site "Wiesbaden"]
[Date "2022.10.04"]
[Round "7"]
[White "Aniol, Nico"]
[Black "Huber, Benedikt"]
[Result "0-1"]
[WhiteElo "1541"]
[BlackElo "2299"]
[Annotator "TA"]
[PlyCount "54"]
[EventDate "2022.09.28"]
[EventType "team-tourn"]
[EventRounds "7"]
[EventCountry "GER"]
[SourceTitle "playchess.com"]
[Source "ChessBase"]
[SourceQuality "1"]

1. e4 e5 2. Nc3 Nf6 3. Nf3 Nc6 4. Bc4 Nxe4 5. Nxe4 d5 6. Bd3 dxe4 7. Bxe4 Bd6 8. Bxc6+ bxc6 9. d3 O-O 10. h3 f5 11. Be3 Qf6 12. c3 Ba6 13. Qc2 f4 14. Bd2 Qg6 15. Nh4 Qg5 16. g3 Qf6 17. O-O-O f3 18. Qa4 Bxd3 19. Qg4 e4 20. Be3 Be5 21. Bg5 Qf7 22. Nxf3 Qxf3 23. Qe6+ Qf7 24. Qxe5 Qxa2 25. c4 Qb1+ 26. Kd2 Qc2+ 27. Ke3 Qxf2# 0-1

[Event "Germany Countries-chT Youth 2022"]
[Site "Wiesbaden"]
[Date "2022.10.04"]
[Round "7"]
[White "Modali, Nikhilamrutha"]
[Black "Alhassan, Jodi"]
[Result "1-0"]
[WhiteElo "1355"]
[BlackElo "1227"]
[Annotator "NA RC COMBH"]
[PlyCount "76"]
[EventDate "2022.09.28"]
[EventType "team-tourn"]
[EventRounds "7"]
[EventCountry "GER"]
[SourceTitle "playchess.com"]
[Source "ChessBase"]
[SourceQuality "1"]

1. e4 c5 2. Nf3 d6 3. d4 cxd4 4. Nxd4 Nf6 5. Nc3 a6 6. f3 e5 7. Nb3 Be7 8. Be3 Be6 9. Qd2 O-O 10. O-O-O Nbd7 11. g4 b5 12. g5 b4 13. Ne2 Ne8 14. Kb1 a5 15. Nbc1 Nb6 16. Ng3 Rb8 17. f4 exf4 18. Bxf4 Na4 19. Ka1 Nc5 20. Nb3 Bxb3 21. cxb3 a4 22. bxa4 Nxa4 23. Nf5 Nc5 24. Bg2 Ne6 25. h4 Nxf4 26. Qxf4 Nc7 27. Nxd6 Bxd6 28. Rxd6 Qe7 29. Rhd1 Ne6 30. Qe3 Rfd8 31. e5 g6 32. Qf2 Qc7 33. Rxd8+ Rxd8 34. Rf1 Rc8 35. Qe3 Nd4 36. Kb1 Qc2+ 37. Ka1 Qxg2 38. Qf4 Rc7 1-0